000 00696nam a22002177a 4500
005 20150908144546.0
010 _aENG-113513
020 _c1450.00
_a9789351480150
020 _c1450.00
_a9351480151
035 _aEN-97045
037 _bDBAD/PUB
082 _a280
100 _aD'Souza, Romero
245 _aChristian cosmology :
_cby Romero D' Souza
_ba manual of philosophy & theology /
260 _aNew Delhi
_bChristian World Imprints
_c2014
270 _aH-12 Bali Nagar
_bNew Delhi
_e110015
300 _axxvi,446p.
_c24cm(Hb)
490 _aChristian heritage rediscovered-7
500 _aIncludes bibliographical references and index
942 _2ddc
_cEN
_mDSO
_h280
999 _c95011
_d95011